Nghiên cứu, đánh giá hiện trạng xói mòn trên lưu vực hồ Trị An

Guardat en:
Dades bibliogràfiques
Autor principal: Lương, Văn Thanh
Format: Llibre
Idioma:Undetermined
Matèries:
Accés en línia:http://lrc.tdmu.edu.vn/opac/search/detail.asp?aID=2&ID=36743
Etiquetes: Afegir etiqueta
Sense etiquetes, Sigues el primer a etiquetar aquest registre!
Thư viện lưu trữ: Trung tâm Học liệu Trường Đại học Thủ Dầu Một
LEADER 00611nam a2200145Ia 4500
001 TDMU_36743
008 210410s9999 xx 000 0 und d
082 |a 658.022 
100 |a Lương, Văn Thanh 
245 0 |a Nghiên cứu, đánh giá hiện trạng xói mòn trên lưu vực hồ Trị An 
245 0 |c Lương Văn Thanh 
300 |a Tr.62-66,90 
650 |a Môi trường; Hồ Trị An; Xói Mòn; Bảo vệ môi trường 
856 |u http://lrc.tdmu.edu.vn/opac/search/detail.asp?aID=2&ID=36743 
980 |a Trung tâm Học liệu Trường Đại học Thủ Dầu Một